| 000 | 00847cam a2200265 i 4500 | ||
|---|---|---|---|
| 999 |
_c200442193 _d60405 |
||
| 003 | TR-AnTOB | ||
| 005 | 20230808122433.0 | ||
| 007 | ta | ||
| 008 | 971224s1987 tu 00000 eng | ||
| 040 |
_aTR-AnTOB _beng _erda _cTR-AnTOB |
||
| 041 | 0 | _aeng | |
| 050 | 4 |
_bS471.T9 _aA37 1986 |
|
| 090 |
_aS471.T9 _bA37 1986 |
||
| 245 | 0 | 0 |
_aAgriculture in Turkey : _bsome key information for foreing investors. |
| 264 | 1 |
_aAnkara : _bMinistry of Agriculture Forestry and Rural Affairs, _c1986. |
|
| 300 |
_a95 pages : _c24 cm |
||
| 336 |
_2rdacontent _atext _btxt |
||
| 337 |
_2rdamedia _aunmediated _bn |
||
| 338 |
_2rdacarrier _avolume _bnc |
||
| 490 | 0 |
_aMinistry of Agriculture Forestry and Rural Affairs ; _vpublication no. 139/16 |
|
| 650 | 0 |
_aTarım _zTürkiye _919016 |
|
| 942 |
_2lcc _cBK |
||